000 02216nam a2200301 a 4500
001 1215808
005 20250331184421.0
007 ta
008 090722s2009 ck gr 000 0dspa d
015 _ack-2009-xxxx
020 _a9789587099126
040 _aCO-CtgCURN
_bspa
_ccoctgcurn
043 _as-ck---
082 0 4 _a342.22
_bR436
_219
100 1 _aRestrepo Medina, Manuel Alberto.
245 1 0 _aManual de la acción de tutela /
_cManuel Alberto Restrepo Medina.
250 _aEdición Leonardo A. Archila Ruiz.
260 _aBogotá :
_bIntermedio,
_c2009.
300 _a216 p. ;
_c22 cm.
490 1 _aConsultorio jurídico en casa
520 8 _aLa acción de tutela es un mecanismo jurídico que tiene como propósito primordial el amparo de los derechos fundamentales contemplados en la Carta Nacional. La Corte Constitucional, que es la entidad encargada de velar por la integridad y la supremacía de la Constitución, ha desarrollado una doctrina jurisprudencial alrededor del tema de la tutela contra providencias judiciales, la cual ha ido evolucionando a través del tiempo, estableciendo unas causales de procedibilidad, que ha dividido en dos, las genéricas y las específicas. Es importante conocer la evolución jurisprudencial que se ha dado en torno a la presente temática, puesto que la acción de tutela es un instrumento que tienen todos los ciudadanos para proteger sus derechos fundamentales. Asimismo se hace necesario indicar como la acción de tutela contra providencias judiciales puede llegar a vulnerar diversos principios fundamentales como son la seguridad jurídica, non bis in dem, celeridad y autonomía e independencia judicial, y a su vez realizar un análisis comparativo con las posiciones que defienden la tutela contra sentencias, las cuales establecen que ésta no viola ninguno de los principios mencionados.
650 1 4 _aAcción de tutela
_zColombia
_vManuales.
650 1 4 _aRecurso de amparo (Derecho comparado)
_zColombia
_vManuales.
700 1 _aArchila R., Leonardo A,
_eed.
942 _ac
_cBK
_h342.22
_iR436
_2ddc
_bc
999 _c19031
_d19031